000
00226nam a22001217a 4500
040
_c
HS
082
_a
333
100
_a
NA
245
_a
Environmental site assessment
260
_a
NA
_b
NA
_c
NA
300
_a
121p;
942
_c
EK
999
_c
9713
_d
9713